Normal view
MARC view
- Gleser, Leon Jay
Entry Personal Name
001 - CONTROL NUMBER
- control field: 81158
003 - CONTROL NUMBER IDENTIFIER
- control field: NUST
005 - DATE AND TIME OF LATEST TRANSACTION
- control field: 20210803150738.0
008 - FIXED-LENGTH DATA ELEMENTS
- fixed length control field: 210803|| aca||aabn | a|a d
040 ## - CATALOGING SOURCE
- Original cataloging agency: NUST
- Transcribing agency: NUST
100 ## - HEADING--PERSONAL NAME
- Personal name: Gleser, Leon Jay
670 ## - SOURCE DATA FOUND
- Source citation: Work cat.: (NUST)0: Olkin, Ingram, author. 81156, Probability models and applications /
